000 00946nam a2200277Ia 4500
001 Para_8045
003 CHAP
008 220125s1931 xx 000 0 und d
010 _a206962
040 _cCHAP
082 _aPA-C 595.75 H4
100 _aLawson, Paul B.
_9173164
245 _aThree new species of acinopterus with notes on other species (Homoptera, cicadelliade) /
_c by Paul B. Lawson
300 _a59-61 p.
440 _aHemiptera; 12
_9172048
500 _aSobnretiro de: Journal Kansas Entomological Society 4 (3): 59-61, 1931 Encuadernado con otros impresos similares
650 _aHemípteros
_x colecciones de escritos Acinopterus Cicadelidos
_9173377
710 _aJournal Kansas Entomological Society 4 (3)
_9173229
901 _aPA-C 595.75 H4
902 _aA
905 _a0000001931 0000000000 00
910 _a1931
942 _cPARA
942 _cPARA
_d1
999 _c206962
_d206962